000 00466 a2200157 4500
003 NUST
005 20230221182630.0
040 _cNust
082 _a297.3,ELA
100 _aElahi,Fazl
_9109397
245 _aRizq Ke Kunjia :
_bQuran o Sunnah ki Roshni main / رزق کی کنجیاں قرآن و سنت کی روشنی میں (Urdu) /
_cProf Dr. Fazl Elahi
260 _alahore
_bMuktiba Qudsia
300 _a95:p.
650 _aislam
942 _2ddc
_cBK
_k297.3,ELA
999 _c179994
_d179994